01052nam a2200169   450000500170000000800410001702000180005804100120007608200150008810000180010324500590012126000230018030000080020336500190021152006410023065000110087120260212110729.0260204b        |||||||| |||| 00| 0 eng d  a9781800922136  aEnglish  a746.1bWOL  aWolff Aurelia  aBotanical Dyes: A Seasonal Guide to Sustainable Dyeing  bSearch Pressc2014  a182  b1302.63cRs,00  aINTRODUCTION TO BOTANICAL DYEING
What Is Botanical Dyeing?
•	Traditional Methods 
•	Natural Dyeing: A Call To Action
•	Classification Of Dyes
•	The Dyeing Process
•	Natural Fibres
•	Mordanting
•	The Different Techniques
•	In The Dyer’s Workshop
SEASONAL DYEING: RECIPES & INSPIRATION
SPRING – Walnut, Rhubarb, Dyer’s woad, Artichoke
SUMMER - Weld, Cosmos, Madder, Wild carrot
AUTUMN - Oak, St John’s wort, Elderberry, Broad-leaved dock    
WINTER - Chestnut, Onion, Avocado, Turmeric
OUT OF SEASON & OTHER LATITUDES - Cutch, Logwood
•	Appendices
•	Glossary
•	Useful Addresses
•	Where To Find The Plants

  aDyeing